00385 2200157 4500245005800000250001100058100001900069700002500088650001600113005001900129260001800148041001400166084001200180300002600192336000900218 aColon b : The Ink to The PagecQurrotun NissahText aCet. 1 aQurrotun Nissa aMaryam Qoshiro Hisan aNaskah Film a20241023110615 aJakartac2024 aIndonesia a791.437 aiii, 65 hlm. :cilus. atext